000 00562nam a22002177a 4500
003 OSt
005 20250425111603.0
008 250425b |||||||| |||| 00| 0 eng d
020 _a9780198257011
040 _cOxford
050 _aKD764
_b.E38 1991
100 _aEekelaar, John
245 _aRegulating, Divorce
260 _aOxford :
_bClarendon Press :
_cc1991
300 _ax, 190pp.
_c24cm
490 _3Divorce Law
500 _aIncludes Table of Statutes, Index, Bibliography
600 _2Divorce Law
856 _3Divorce Law
942 _2lcc
_cBK
_n0
999 _c5543
_d5543